000
00237 a2200097 4500
001
46294
100
_a
Sherman, M
245
_a
A single service for Canada?
260
_a
London
_b
Institute for Strategic Studies
_c
090
_c
29408
_d
29408
942
_a
NUST-CAE
_c
_c
21567
999
_c
281367
_d
281367